000 00673nam a2200277Ia 4500
005 20260324115732.0
008 008 260324s9999 xx 000 0 eng d
020 _a9781315365404
037 _aEBOOK
040 _aCRL
040 _beng
040 _cCRL
041 _2eng
041 _aeng
084 _qCRL
100 _aJohn D. Nagy; Yang Kuang; Steffen E. Eikenberry
_91155810
245 0 _aIntroduction to Mathematical Oncology
260 _bTaylor and Francis
260 _c2016
365 _a
365 _b195
856 _uhttp://www.taylorfrancis.com/books/9781315365404
942 _cEBOOK
999 _c1746902
_d1746902